000 01024nam0a22003011 4500
001 v19\rc\1965379
005 20260406084119.0
035 _a(NLR Aleph) 005271744
090 _a6006885
_c6006885
100 _a20080428d1914 |||y0rusy50 ca
101 1 _arus
_cita
102 _aRU
105 _aa z |||a|
200 1 _aПростые люди
_eРассказы для детей
_eС рис.
_fЭ. де-Амичис
205 _a2-е изд. Печ. с 1-го изд.
210 _aМосква
_cМ.В. Клюкин
_d1914
215 _a40 с.
_cил.
_d22
532 1 3 _aПростые люди
700 1 _8rus
_7ca
_aДе Амичис
_bЭ.
_f1846-1908
_gЭдмондо
_3RU\NLR\AUTH\7752131
_935064
790 1 _aАмичис
_bЭ. де
_f1846-1908
_gЭдмондо де
801 0 _aRU
_bNLR
_c20080428
_gpsbo
801 0 _aRU
_bRuMoRGB
_c20080428
_2psbo
801 1 _aRU
_bProSoft-M
_c20080428
_2rusmarc
801 2 _aRU
_bNLR
_c20081217
_2rusmarc
852 _aNLR
_j40.2.7.488
942 _cBOOK
980 _aNB